Innovación. Trama de decisiones (Registro nro. 11432)

Detalles MARC
000 - LÍDER
campo de control de longitud fija 00939nam a22002777a 4500
003 - IDENTIFICADOR DE NÚMERO DE CONTROL
campo de control OSt
005 - FECHA Y HORA DE LA ÚLTIMA TRANSACCIÓN
campo de control 20210818181609.0
008 - ELEMENTOS DE DATOS DE LONGITUD FIJA - INFORMACIÓN GENERAL
campo de control de longitud fija 170401t2016 ck ade|fr|||| 000 0 spa d
020 ## - INTERNATIONAL STANDARD BOOK NUMBER
International Standard Book Number 9789587222616
040 ## - FUENTE DE CATALOGACIÓN
Lenguaje de catalogación spa
041 ## - CÓDIGO DE LENGUAJE
Código de idioma de texto / pista de sonido o título separado spa
082 04 - NÚMERO DE CLASIFICACIÓN DECIMAL DEWEY
Número de clasificación 301.072
Número de artículo L864i
100 1# - ENTRADA PRINCIPAL - NOMBRE PERSONAL
Nombre de la persona López Isaza, Giovanni Arturo
9 (RLIN) 50147
245 1# - TÍTULO DECLARACIÓN
Título Innovación. Trama de decisiones
Declaración de responsabilidad Giovanni Arturo López Isaza
260 ## - PUBLICACIÓN, DISTRIBUCIÓN
Lugar de publicación Pereira
Nombre del editor Universidad Tecnológica de Pereira
Fecha de publicación 2016
300 ## - DESCRIPCIÓN FÍSICA
Alcance 195 páginas,
Otros datos físicos ilustraciones
490 ## - DECLARACIÓN EN SERIE
Estado de cuenta de la serie Colección Trabajos de Investigación
650 #0 - ENTRADA DE SUJETO AÑADIDO - TÉRMINO TÓPICO
Término tópico o elemento de entrada del nombre geográfico Innovación
9 (RLIN) 50148
650 #0 - ENTRADA DE SUJETO AÑADIDO - TÉRMINO TÓPICO
Término tópico o elemento de entrada del nombre geográfico Teoria de Sistemas
9 (RLIN) 36885
650 #0 - ENTRADA DE SUJETO AÑADIDO - TÉRMINO TÓPICO
Término tópico o elemento de entrada del nombre geográfico Pensamiento Educativo
9 (RLIN) 50149
650 #0 - ENTRADA DE SUJETO AÑADIDO - TÉRMINO TÓPICO
Término tópico o elemento de entrada del nombre geográfico Complejidad (Filosofia)
9 (RLIN) 45041
650 #0 - ENTRADA DE SUJETO AÑADIDO - TÉRMINO TÓPICO
Término tópico o elemento de entrada del nombre geográfico Toma de Decisiones
9 (RLIN) 50150
650 #0 - ENTRADA DE SUJETO AÑADIDO - TÉRMINO TÓPICO
Término tópico o elemento de entrada del nombre geográfico Sistemas Sociales
9 (RLIN) 50151
650 #0 - ENTRADA DE SUJETO AÑADIDO - TÉRMINO TÓPICO
9 (RLIN) 32163
Término tópico o elemento de entrada del nombre geográfico Cibernética
Subdivisión de forma Aspectos Sociales
942 ## - ELEMENTOS DE ENTRADA AGREGADOS (KOHA)
Fuente de clasificación o esquema de estanterías Dewey Decimal Classification
Parte de clasificación 301.072 L864i
Prefijo del número de llamada 301.072
Sufijo del número de llamada L864i
Existencias
Estado de retirada Pérdida de estatus Fuente de clasificación o esquema de estanterías Estado dañado No para préstamo Código de recogida Ubicación permanente Ubicación actual Ubicación de las estanterías Fecha de adquisición Total de Cajas Número Topográfico Código de barras Precio efectivo desde Número de copia Fecha de la última vez que se vio Tipo de artículo Koha
    Dewey Decimal Classification     General Biblioteca Pública Departamental Comfamiliar Risaralda Biblioteca Pública Departamental Comfamiliar Risaralda Área General 01/04/2017   301.072 L864i 202 01/04/2017 Ej. 1 01/04/2017 Libro
    Dewey Decimal Classification     General Biblioteca Pública Departamental Comfamiliar Risaralda Biblioteca Pública Departamental Comfamiliar Risaralda Área General 27/09/2017   301.072 L864i 742 27/09/2017 Ej. 2 27/09/2017 Libro
    Dewey Decimal Classification     General Biblioteca Pública Departamental Comfamiliar Risaralda Biblioteca Pública Departamental Comfamiliar Risaralda Área General 27/09/2017   301.072 L864i 743 27/09/2017 Ej. 3 27/09/2017 Libro